Sociología y psicología social del grupo /

Guardado en:
Autor Principal: Johnson, H. M.
Formato: Libro
Publicado: Argentina : Paidós, 1968
Materias:
Etiquetas: Agregar Etiqueta
Sin Etiquetas, Sea el primero en etiquetar este registro!
LEADER 00552nam a22002055a 4500
001 CEM.cems003502
005 19000101000000.0
008 130507s1968##################000#0#####d
003 CEMS
082 0 4 |a 301.15 
100 1 |a Johnson, H. M. 
245 1 0 |a Sociología y psicología social del grupo / 
260 |a Argentina :  |b Paidós,  |c 1968 
300 |a 278 p. 
653 |a Grupo-sociologia 
653 |a Psicologia social 
653 |a Roles 
653 |a Sociologia 
653 |a Sociometria 
859 |a CEMS  |b BIB. CEMS - 11 de abril  |h 301.15  |i J632  |p 491.73  |t Ej.1